| 000 -LEADER |
| fixed length control field |
00360cam a22001217a 4500 |
| 008 - FIXED-LENGTH DATA ELEMENTS--GENERAL INFORMATION |
| fixed length control field |
180718b1991 xxu||||| |||| 00| 0 eng d |
| 020 ## - INTERNATIONAL STANDARD BOOK NUMBER |
| International Standard Book Number |
8171190391 |
| 100 ## - MAIN ENTRY--PERSONAL NAME |
| Personal name |
Dubey, Shyam Charan |
| 245 ## - TITLE STATEMENT |
| Title |
Parampra itihas-bodh aur sanskriti (Hindi) |
| Statement of responsibility, etc. |
by Shyam Charan Dubey |
| 260 ## - PUBLICATION, DISTRIBUTION, ETC. |
| Place of publication, distribution, etc. |
New Delhi |
| Name of publisher, distributor, etc. |
Radhakrishan |
| Date of publication, distribution, etc. |
1991 |
| 300 ## - PHYSICAL DESCRIPTION |
| Extent |
167p. |
| 650 ## - SUBJECT ADDED ENTRY--TOPICAL TERM |
| Topical term or geographic name entry element |
India-culture,history |